000 00408nam a2200109Ia 4500
008 220216s9999 xx 000 0 und d
100 _aOthman Mohd Rozi bin
245 0 _aNatural gas utilization in rubber gloves industry
260 _b2nd International Rubber Glove Conference and Exhibition, Technical Papers, 29 June - 1 July, 2004, Kuala Lumpur, Malaysia.
650 _aRubber glove industry
942 _cJS
999 _c63434
_d63434